The handbook of family dispute resolution : Mediation and practice
This book provides a theoretical framework for the process decisions we make as mediators and then offers specific tools and strategies. Especially beneficial for those without a psychological background, this reference guide explores how mediators' understanding of family dynamics and systems...
שמור ב:
| מחבר ראשי: | |
|---|---|
| פורמט: | ספר |
| שפה: | Undetermined |
| יצא לאור: |
San Francisco, CA
Jossey-Bass
2002
|
| נושאים: | |
| תגים: |
הוספת תג
אין תגיות, היה/י הראשונ/ה לתייג את הרשומה!
|
| Thư viện lưu trữ: | Trung tâm Học liệu Trường Đại học Cần Thơ |
|---|
| LEADER | 01130nam a2200217Ia 4500 | ||
|---|---|---|---|
| 001 | CTU_164337 | ||
| 008 | 210402s9999 xx 000 0 und d | ||
| 020 | |c 53.08 | ||
| 082 | |a 362.8286 | ||
| 082 | |b T238 | ||
| 100 | |a Taylor, Alison | ||
| 245 | 4 | |a The handbook of family dispute resolution : | |
| 245 | 0 | |b Mediation and practice | |
| 245 | 0 | |c Alison Taylor | |
| 260 | |a San Francisco, CA | ||
| 260 | |b Jossey-Bass | ||
| 260 | |c 2002 | ||
| 520 | |a This book provides a theoretical framework for the process decisions we make as mediators and then offers specific tools and strategies. Especially beneficial for those without a psychological background, this reference guide explores how mediators' understanding of family dynamics and systems has a direct impact on the effectiveness of our interventions. An excellent guide for the beginning or experienced mediator | ||
| 650 | |a Family mediation,Family counseling,Dispute resolution (Law),Tư vấn gia đình,Giải quyết tranh chấp (Luật),Hòa giải gia đình | ||
| 904 | |i Bạch Trúc | ||
| 980 | |a Trung tâm Học liệu Trường Đại học Cần Thơ | ||